LEADER 01476nam a2200229 i 4500 001 000000028570 003 CaOOAMICUS 005 20180830125448.0 008 180830s1753 it u000 u ita u 040 $aSeMil$bita 240 13$aLa vie de S. Thomas d'Aquin, de l'ordre des freres precheurs, docteur de l'église, avec un exposé de sa doctrine et de ses ouvrages.$0(OLS)http://semarc/title/38787 245 10$aVita di S. Tommaso d'Aquino dell'ordine de' ff. predicatori, dottor della chiesa, colla sposizione della dottrina, e dell' opere di lui, scritta in lingua francese dal r.p. Antonio Touron ... e tradotta nell'idioma italiano. Tomo 1. [-2.]. 260 $aIn Venezia :$bPresso Simone Occhi,$c1753. 300 $a2 v. ;$c8°. 500 $aVignetta xilogr. sui front. - Legati insieme i 2 vol. 600 04$aTommaso : d'Aquino .$0(OLS)http://semarc/subject/115 700 1 $aTouron, Antoine .$0(OLS)http://semarc/name/7842 700 1 $aOcchi, Simone,$c.$0(OLS)http://semarc/name/2607 774 0 $tTomo 1.$g1$w()65431 774 0 $tTomo 2.$g2$w()220597 996 $6245$aVita di S. Tommaso d'Aquino dell'ordine de' ff. predicatori, dottor della chiesa, colla sposizione della dottrina, e dell' opere di lui, scritta in lingua francese dal r.p. Antonio Touron ... e tradotta nell'idioma italiano. Tomo 1. [-2.]$9(OLS)http://semarc/title/38786 996 $6260$aIn Venezia :$bPresso Simone Occhi$9(OLS)http://semarc/publisher/31176 LEADER 01665nam a2200301 i 4500 001 000000084703 003 CaOOAMICUS 005 20241209131615.0 008 030611s1980 fr u000 u fre u 020 $a2-204-01626-8 040 $aSeMil$bita 100 0 $aBernardus,$c.$0(OLS)http://semarc/name/121142 245 10$a2: Les moines de Portes Bernard, Jean, Etienne /$cintroduction, texte critique, traduction et notes par un chartreux. 300 $a240 p. ;$c20 cm 490 0 $aSources Chrétiennes ;$v274 490 0 $aSources Chrétiennes. Série des Textes monastiques d'Occident ;$v49 650 4$aBénonces - Certosa di Sainte-Marie de Portes - Storia - Sec. 12. - Fonti epistolari.$0(OLS)http://semarc/subject/16214 700 0 $aStephanus : de Chalmeto$b.$0(OLS)http://semarc/name/39434 700 0 $aIoannes : de Montemedio,$c.$0(OLS)http://semarc/name/121143 773 0 $tLettres des premiers chartreux.$dParis : Les Éditions du Cerf, 1962-1980.$kSources chrétiennes. Série des Textes monastiques d'Occident$kSources chrétiennes$g2$w()9484 830 0$aSources chrétiennes ;$v274.$0(OLS)http://semarc/title/72 830 0$aSources chrétiennes. Série des Textes monastiques d'Occident ;$v49.$0(OLS)http://semarc/title/12473 850 $aSeMil 852 $aSeMil$W1$xVenegono$y1$mSL1.T V 274$j48910$B48910$CSeMilBibl$Z2$F52302 $8I 961 $aLascito: Colombo Card. Giovanni 996 $6020$a2-204-01626-8$9(OLS)http://semarc/number/65151 996 $6245$a2: Les moines de Portes Bernard, Jean, Etienne$9(OLS)http://semarc/title/451758